London Underground - Metropolitan Line Map - Statistics

General Stats
  • This quiz has been taken 175 times
  • The average score is 24 of 34
Answers on the Map
Answers color-coded by a green-red scale on the quiz's map according to % correct below.
 
Answer Stats
Answer % Correct
Baker Street
90%
Liverpool Street
90%
Great Portland Street
88%
Uxbridge
85%
Aldgate
83%
Farringdon
83%
Moorgate
83%
Watford
83%
Amersham
81%
Euston Square
81%
King's Cross St. Pancras
81%
Barbican
79%
Chesham
79%
Ruislip
77%
Wembley Park
73%
Harrow-on-the-Hill
71%
Ruislip Manor
71%
Hillingdon
69%
Rickmansworth
67%
Chalfont & Latimer
65%
Croxley
63%
Ickenham
60%
North Harrow
60%
Northwood
60%
Northwood Hills
60%
Pinner
60%
Rayners Lane
60%
West Harrow
60%
Finchley Road
58%
Chorleywood
56%
Eastcote
52%
Northwick Park
50%
Preston Road
46%
Moor Park
44%
No matching quizzes found
Score Distribution
Percent of People with Each Score
Percentile by Number Answered
Your Score History
You have not taken this quiz